000 00786nam a22002057a 4500
999 _c58843
_d58843
003 Ge_BSU
005 20221006151925.0
008 221006s2004 ge ||||| |||| 00| 0 geo d
020 _a9994081225
041 _ageo
080 _a17 შ-96
082 _a
100 _aშუშანაშვილი, გერონტი
_9385
245 _aგამოყენებითი ეთიკის საფუძვლები /
_c[რედ.: რევაზ ბალანჩივაძე].
264 _aთბ. :
_bლეგა,
_c2004.
300 _a183 გვ. ;
_b20 სმ.
653 _aგამოყენებითი ეთიკა.
700 _aბალანჩივაძე, რევაზ
_eრედაქტორი
_912144
942 _2udc
_cBK